000 00595nam a2200193 a 4500
005 20240315063728.0
008 991125s1987 mx 000 0 spa u
020 _a9688054062
035 _aUPN01000039714
049 _aCG
050 4 _aF1233
_aL3.6
100 1 _aLafragua, José María,
_d1813-1875
_928932
245 1 0 _aMiscelánea de política /
_cJosé María Lafragua.
260 _aMéxico :
_bGobierno del Estado de Puebla :
_bINEHRM,
_c1987.
300 _a125 p.
440 0 _aRepública Liberal.
_pObras fundamentales
651 4 _aMéxico
_xHistoria
_ySiglo XIX
_94642
905 _aLibro
999 _c39714
_d39714